000 00324nam a22001457a 4500
005 20180412170205.0
008 160629b xxu||||| |||| 00| 0 eng d
041 _aeng
082 _b10888
_a348
245 _aContract labour Act 1970
260 _bLaw Pain
_c2006
300 _a93
650 _aManagement
_9241
942 _cBK
999 _c4798
_d4796